Statistiche per Forma dei paesi #4

Clicka qui per fare il quiz!

Statistiche generali

  • Questo quiz è stato fatto 2.062 volte
  • Il punteggio medio è 10 su 16

Statistiche sulle risposte

Risposta% Corretto
Sri Lanka
85%
Danimarca
84%
Laos
76%
Senegal
76%
Kazakistan
72%
Nepal
70%
Sudan
67%
Benin
65%
Malesia
63%
Mozambico
62%
Taiwan
61%
Venezuela
58%
Corea del Nord
48%
Trinidad e Tobago
44%
Nicaragua
43%
Costa Rica
40%

Distribuzione punteggi

Percentile per numero di risposta

Percentuale di utenti per punteggio

I tuoi punteggi nel tempo

Non hai fatto questo quiz